|
|
|
|
| LEADER |
00000nam a2200000 a 4500 |
| 001 |
vtls001263135 |
| 003 |
SK-MaSNL |
| 005 |
20260301195253.0 |
| 008 |
240315s1966 xx 0 und |
| 035 |
|
|
|a SNK000214034
|
| 040 |
|
|
|a SNK
|b slo
|c SNK
|e AACR2
|
| 100 |
1 |
|
|a Steiner, Alexander
|4 aut
|9 577027
|
| 245 |
1 |
|
|a Kremnické pohorie-Vtáčnik-Žiar
|
| 260 |
|
|
|a Bratislava
|b Šport
|c 1966
|
| 300 |
|
|
|a 225 s.
|
| 958 |
|
|
|a OND
|
| 999 |
|
|
|c 884813
|d 886743
|
| 952 |
|
|
|a SNK
|b SNK
|y VYP
|7 0
|p 17A1317155
|o snkSD 29887/pril. D1
|i snkKSP 6444/66
|3 Príloha: 1ks, mapa
|z Príloha: 1ks, mapa
|0 0
|1 0
|4 0
|d 2024-05-07
|l 0
|r 2026-02-24 06:27:25
|w 2026-02-24
|
| 952 |
|
|
|a SNK
|b SNK
|y PREZ
|7 0
|p 17A0818268
|o snkSD 29887
|0 0
|1 0
|4 0
|d 2013-08-07
|l 0
|r 2026-02-24 06:27:25
|w 2026-02-24
|
| 952 |
|
|
|a SNK
|b SNK
|y VYP
|7 0
|p 17A0012988
|o snkSD 29887 D1
|i snkKSP 6444/66
|3 Obsahuje prílohu: 1ks, mapa
|z Obsahuje prílohu: 1ks, mapa
|0 0
|1 0
|4 0
|d 1996-10-10
|l 0
|r 2005-01-01 00:00:00
|w 2026-02-24
|